| 000 | 00461nam a2200157 a 4500 | ||
|---|---|---|---|
| 001 | 000017476 | ||
| 005 | 20200929165126.0 | ||
| 008 | 100325s1938 dr 000 0 spa d | ||
| 040 |
_aDO-SdBNP _bspa _cBNPHU |
||
| 082 |
_axxx _bL215s |
||
| 100 | 1 |
_aLamarche, Ángel Rafael _924282 |
|
| 245 | 1 | 0 |
_aSiempre : _bel libro de la madre muerta / _cÁngel Rafael Lamarche. |
| 260 |
_aCiudad Trujillo : _bFranciscana, _c1938. |
||
| 300 |
_a100 p. ; _c22 cm. |
||
| 049 | _aBNPD | ||
| 999 |
_c17001 _d17001 |
||